National Team footballers since 2010: Ukraine - Statistics

General Stats
  • This quiz has been taken 14 times
  • The average score is 35 of 138
Answer Stats
Years Club(s) Apps Position Footballer % Correct
2015-2025 Manchester City, Arsenal, PSV 72 CM Oleksandr Zinchenko
93%
2018-2025 Real Madrid, Zorya Luhansk 15 GK Andriy Lunin
86%
2010-2025 Dynamo Kyiv, Borussia Dortmund, West Ham 119 RW Andriy Yarmolenko
86%
2022-2024 Shakhtar Donetsk, Chelsea,Desna Chernihiv 28 LW Mykhaylo Mudryk
79%
2021-2025 Dnipro-1, Girona, Roma 37 ST Artem Dovbyk
71%
2010-2023 Sevilla, Schalke 04, Dnipro, Shakhtar Donetsk 87 LW Yevgen Konoplyanka
71%
2020-2025 Shakhtar Donetsk, Desna Chernihiv 21 RB Yukhym Konoplya
71%
2010-2016 Shakhtar Donetsk, Bayern Munchen, Zenit S-Pb 52 CDM Anatoliy Tymoshchuk
64%
2010-2022 Shakhtar Donetsk, Vorskla Poltava 85 GK Andriy Pyatov
64%
2010-2013 Dynamo Kyiv 17 ST Andriy Shevchenko
57%
2020-2025 Dynamo Kyiv, Bournemouth 47 CB Ilya Zabarnyi
57%
2015-2024 Zorya Luhansk, Atalanta, Marseille,Genk, Genoa 66 CM Ruslan Malinovskyi
57%
2010-2024 Shakhtar Donetsk, Metalurg Zaporizhya 87 CDM Taras Stepanenko
57%
2016-2025 Dynamo Kyiv, Girona 59 RW Viktor Tsygankov
57%
2010-2018 Shakhtar Donetsk 50 CB Yaroslav Rakitskyi
57%
2021-2025 Shakhtar Donetsk, Benfica 19 GK Anatoliy Trubin
50%
2018-2025 Dynamo Kyiv, Gent, Benfica, Valencia,Olympiacos 61 ST Roman Yaremchuk
50%
2018-2025 Dynamo Kyiv, Everton 48 LB Vitaliy Mykolenko
50%
2020-2024 Dynamo Kyiv, Al-Shabab 18 GK Georgiy Bushchan
43%
2012-2017 Dynamo Kyiv, Al-Fateh 2 GK Maksym Koval
43%
2018-2025 Dynamo Kyiv 41 CM Mykola Shaparenko
43%
2024 Dnipro-1, Polissya 3 LW Oleksandr Nazarenko
43%
2010-2018 Dynamo Kyiv, Dnipro 60 CM Ruslan Rotan
43%
2010-2012 Dnipro, Tavriya 15 CAM Sergiy Nazarenko
43%
2016-2021 Atalanta, Shakhtar Donetsk 33 CAM Viktor Kovalenko
43%
2010-2013 Dinamo Moscow, Fortuna Dusseldorf 13 ST Andriy Voronin
36%
2011-2021 Dynamo Kyiv, Rizespor 31 CAM Denys Garmash
36%
2016-2023 Shakhtar Donetsk, Brugge, Strasbourg 29 LB Eduard Sobol
36%
2021-2025 Shakhtar Donetsk 28 CAM Georgiy Sudakov
36%
2017-2021 Shakhtar Donetsk, Metalist Kharkiv 26 RW Marlos
36%
2018-2019 Shakhtar Donetsk, Celtic,Karpaty Lviv 2 RW Maryan Shved
36%
2017-2025 Shakhtar Donetsk 76 CB Mykola Matvienko
36%
2020-2024 Shakhtar Donetsk, Ferencvarosh 37 RW Oleksandr Zubkov
36%
2010-2016 Dynamo Kyiv, Dnipro 33 ST Roman Zozulya
36%
2011-2023 Shakhtar Donetsk, Inter Miami, Metalurg Zaporizhya 34 CB Sergiy Kryvtsov
36%
2020-2025 Shakhtar Donetsk 4 CB Valeriy Bondar
36%
2025 Brentford, Dnipro-1 2 CAM Yegor Yarmolyuk
36%
2011-2019 Dynamo Kyiv, Stutgart, Konyaspor 23 ST Artem Kravets
29%
2010-2013 Dynamo Kyiv 23 ST Artem Milevskyi
29%
2020-2025 Zorya Luhansk, Shakhtar Donetsk,Anderlecht, Dinamo Zagreb 9 LB Bogdan Mykhaylichenko
29%
2021-2023 Shakhtar Donetsk, Mariupol, Trabzonspor 7 ST Danylo Sikan
29%
2021-2025 Shakhtar Donetsk, Vorskla Poltava 2 GK Dmytro Riznyk
29%
2014-2018 Shakhtar Donetsk, Mariupol 12 CB Ivan Ordets
29%
2016-2018 Zorya Luhansk, Shakhtar Donetsk,Ferencvarosh 5 LW Ivan Petryak
29%
2019-2021 Dynamo Kyiv, Shakhtar Donetsk 11 ST Júnior Moraes
29%
2010-2017 Dynamo Kyiv, Rizespor 14 RB Mykola Morozyuk
29%
2010-2016 Dynamo Kyiv 44 CM Oleg Gusev
29%
2015-2023 Dynamo Kyiv, Zorya Luhansk,Shakhtar Donetsk 49 RB Oleksandr Karavaev
29%
2010-2017 Shakhtar Donetsk, Karpaty Lviv, Metalist Kharkiv 38 CB Oleksandr Kucher
29%
2021-2022 Dynamo Kyiv, Maccabi Haifa 2 CB Oleksandr Syrota
29%
2020-2024 Dynamo Kyiv, Zorya Luhansk 23 RB Oleksandr Tymchyk
29%
2011-2021 Gent, Dynamo Kyiv, Dnipro 24 CAM Roman Bezus
29%
2014-2024 Metalurg Zaporizhya, Dynamo Kyiv 62 CM Sergiy Sydorchuk
29%
2023-2025 Dynamo Kyiv 11 ST Vladyslav Vanat
29%
2021-2024 Dynamo Kyiv, Zorya Luhansk 8 CM Volodymyr Brazhko
29%
2010-2018 Dynamo Kyiv, PAOK, Volyn Lutsk 47 CB Yevgen Khacheridi
29%
2010-2018 Shakhtar Donetsk, Dnipro, Malaga 45 ST Yevgen Seleznyov
29%
2016-2021 Dynamo Kyiv 19 ST Artem Besedin
21%
2010-2016 Shakhtar Donetsk, Karpaty Lviv,Dnipro 53 RB Artem Fedetskyi
21%
2011-2019 Shakhtar Donetsk, Zorya Luhansk,Mariupol 33 RB Bogdan Butko
21%
2014-2021 Dynamo Kyiv, Dnipro 7 GK Denys Boyko
21%
2021-2022 Dynamo Kyiv 3 CB Denys Popov
21%
2010-2011 Barcelona, Shakhtar Donetsk 8 CB Dmytro Chygrynskyi
21%
2020 Zorya Luhansk, Ferencvarosh 4 CDM Igor Kharatin
21%
2024-2025 Slavia Prague, LASK, Plymouth 7 CB Maksym Taloverov
21%
2010-2014 Metalist Kharkiv, Shakhtar Donetsk 33 ST Marko Devic
21%
2010-2013 Dynamo Kyiv 19 CAM Oleksandr Aliev
21%
2011-2015 Dynamo Kyiv, Shakhtar Donetsk 2 GK Oleksandr Rybka
21%
2011-2012 Dynamo Kyiv 6 GK Oleksandr Shovkovskyi
21%
2023-2025 Zorya Luhansk, Dnipro-1, Austin 9 CB Oleksandr Svatok
21%
2024-2025 Karpaty Lviv, Rukh Lviv, Kortrijk 2 RB Oleksiy Sych
21%
2015-2016 Dynamo Kyiv, Sivasspor 9 CDM Sergiy Rybalka
21%
2017-2023 Dynamo Kyiv 13 CM Vitaliy Buyalskyi
21%
2021 Rakow, Zorya Luhansk 1 CAM Vladyslav Kochergin
21%
2010-2016 Shakhtar Donetsk 42 LB Vyacheslav Shevchuk
21%
2023-2025 Antwerpen, Zorya Luhansk,Shakhtar Donetsk 3 CM Yegor Nazaryna
21%
2011-2016 Dynamo Kyiv, Metalist Kharkiv, Vorskla Poltava 15 LB Yevgen Selin
21%
2016-2019 Dnipro, AEK, PAOK 7 CM Yevgen Shakhov
21%
2013 Dynamo Kyiv 1 CM Andriy Bogdanov
14%
2010-2012 Spartak Moscow 8 GK Andriy Dykan
14%
2010 Dnipro 3 CB Andriy Rusol
14%
2017-2019 Dynamo Kyiv, Polissya, Oleksandriya 2 CB Artem Shabanov
14%
2022-2023 Shakhtar Donetsk, Bordeaux, Dnipro-1 6 CDM Danylo Ignatenko
14%
2010-2015 Dnipro, Vitesse, Metalist Kharkiv 12 LW Denys Oliynyk
14%
2019 Zorya Luhansk, Dinamo Tbilisi 1 CDM Dmytro Ivanisenya
14%
2011-2014 Metalist Kharkiv 15 CM Edmar
14%
2024-2025 Oleksandriya 6 CM Ivan Kalyuzhnyi
14%
2016-2017 Zorya Luhansk, Shakhtar Donetsk 3 CDM Maksym Malyshev
14%
2018-2019 Dynamo Kyiv, Zorya Luhansk 8 CB Mykyta Burda
14%
2016 Zorya Luhansk 1 RB Mykyta Kamenyuka
14%
2014-2015 Dnipro, Shakhtar Donetsk,Karpaty Lviv 3 ST Oleksandr Gladkyi
14%
2022-2024 Dnipro-1, Mariupol, Dynamo Kyiv 10 CM Oleksandr Pikhalyonok
14%
2010-2011 Metalist Kharkiv 6 LB Oleksandr Romanchuk
14%
2010 Anderlecht, Vesterlo 1 LW Oleksandr Yakovenko
14%
2024-2025 Desna Chernihiv, Dnipro-1, Polissya 7 RW Oleksiy Gutsulyak
14%
2021 Zorya Luhansk, Dnipro-1 3 CAM Sergiy Buletsa
14%
2010 Shakhtar Donetsk, Karpaty Lviv, Metalist Kharkiv 5 RB Vasyl Kobin
14%
2021 Shakhtar Donetsk, Vorskla Poltava 2 LB Viktor Korniyenko
14%
2014 Zorya Luhansk 1 CB Vitaliy Vernydub
14%
2017-2020 Dynamo Kyiv 6 CM Volodymyr Shepelev
14%
2020 Zorya Luhansk, LASK, Osijek 1 CB Yevgen Cheberko
14%
2014-2021 Dynamo Kyiv, Anderlecht 15 CDM Yevgen Makarenko
14%
2018 Shakhtar Donetsk, Mariupol 2 ST Andriy Boryachuk
7%
2011-2013 Tavriya 2 ST Anton Shynder
7%
2014-2015 Vorskla Poltava 2 LW Artem Gromov
7%
2016 Metalist Kharkiv 1 CB Artem Putivtsev
7%
2010-2011 Shakhtar Donetsk, Karpaty Lviv,Mariupol 4 RW Denys Kozhanov
7%
2010 Dnipro, Vorskla Poltava 2 RB Denys Kulakov
7%
2013 Shakhtar Donetsk, Mariupol 2 CDM Dmytro Grechyshkin
7%
2013-2014 Zorya Luhansk 4 LW Dmytro Khomchenovskyi
7%
2024 Shakhtar Donetsk, Mariupol 3 CM Dmytro Kryskiv
7%
2010-2011 Karpaty Lviv 6 CM Igor Khudobyak
7%
2018-2019 Gent, Karpaty Lviv, Ludogorets 5 CB Igor Plastun
7%
2014 Metalist Kharkiv, Chornomorets Odesa 4 CM Kyrylo Kovalchuk
7%
2011 Dnipro, Spartak Moscow, Tavriya 3 LW Maksym Kalynychenko
7%
2010 Vorskla Poltava 2 CDM Oleg Krasnopyorov
7%
2017 Dynamo Kyiv 1 CM Oleksandr Andriyevskyi
7%
2010-2012 Metalist Kharkiv 2 GK Oleksandr Goryainov
7%
2011-2014 Dnipro, Chornomorets Odesa 2 ST Oleksiy Antonov
7%
2010-2013 Shakhtar Donetsk 7 CM Oleksiy Gay
7%
2014-2016 Zorya Luhansk, Shakhtar Donetsk 6 ST Pylyp Budkivskyi
7%
2018-2019 Shakhtar Donetsk, Mariupol 4 RW Sergiy Bolbat
7%
2017 Dynamo Kyiv, Vorskla Poltava 1 LW Sergiy Myakushko
7%
2021-2022 Shakhtar Donetsk, Slavia Prague 3 CB Taras Kacharaba
7%
2010-2013 Dynamo Kyiv 16 CB Taras Mykhalyk
7%
2011 Metalist Kharkiv, Amkar Perm 1 CB Vitaliy Fedoriv
7%
2010-2013 Dnipro 11 RB Vitaliy Mandzyuk
7%
2024 Dynamo Kyiv, Zorya Luhansk 1 LW Vladyslav Kabaev
7%
2010 Metalurg Zaporizhya 5 LB Volodymyr Polyovyi
7%
2010 Dnipro 2 CB Yevgen Cheberyachko
7%
2017 Vorskla Poltava 1 ST Yuriy Kolomoets
7%
2014 Zorya Luhansk, Maccabi Haifa 1 CB Andriy Pylyavskyi
0%
2013 Vorskla Poltava 1 CDM Denys Dedechko
0%
2010-2011 Karpaty Lviv 3 LB Igor Oshchypko
0%
2011 Shakhtar Donetsk 1 CB Mykola Ishchenko
0%
2013 Arsenal Kyiv, FC Sevastopol 3 ST Oleksandr Kovpak
0%
2015 Vorskla Poltava, Metalist Kharkiv 1 RB Pavlo Ksyonz
0%
2010-2013 Dnipro, Dynamo Kyiv 2 CM Sergiy Kravchenko
0%
No matching quizzes found
Score Distribution
Percent of People with Each Score
Percentile by Number Answered
Your Score History
You have not taken this quiz